书目信息 |
| 题名: |
环境水化学
|
|
| 作者: | 魏振枢 主编 | |
| 分册: | ||
| 出版信息: | 北京 化学工业出版社 2002 |
|
| 页数: | 195页 | |
| 开本: | 26cm | |
| 丛书名: | ||
| 单 册: | ||
| 中图分类: | X131.2 | |
| 科图分类: | ||
| 主题词: | 环境化学--水化学--中等专业教育--教材 , CT--S033397--环境化学 , CT--S069945--水化学 | |
| 电子资源: | ||
| ISBN: | 7-5025-3878-X | |
| 000 | 00973nam0 2200289 45 | |
| 001 | 012002057786 | |
| 005 | 20070720111821.42 | |
| 010 | @a7-5025-3878-X@dCNY16.00 | |
| 035 | @a(011001)c2002050810 | |
| 100 | @a20020722d2002 em y0chiy0110 ea | |
| 101 | 0 | @achi |
| 102 | @aCN@b110000 | |
| 105 | @ay z 000yy | |
| 106 | @ar | |
| 200 | 1 | @a环境水化学@Ahuan jing shui hua xue@f魏振枢主编@Fwei zhen shu zhu bian |
| 210 | @a北京@c化学工业出版社@d2002 | |
| 215 | @a195页@d26cm | |
| 300 | @a中等职业教育国家规划教材 环境保护与监测专业系列教材 | |
| 304 | @a全国中等职业教育教材审定委员会审定 | |
| 330 | @a本书主要内容有天然水的基本性质、化学成分和重要的表示方法、水体中的化学平衡、各类水体中主要化学成分的形成与特征等。 | |
| 606 | 0 | @a环境化学@x水化学@x中等专业教育@j教材 |
| 606 | 0 | @2CT@3S033397@a环境化学 |
| 606 | 0 | @2CT@3S069945@a水化学 |
| 690 | @aX131.2@v4 | |
| 701 | 0 | @a魏振枢@Awei zhen shu@4主编 |
| 801 | 0 | @aCN@bNLC@c20070720 |
| 905 | @dX131.2@e136@f4 | |
| 环境水化学/魏振枢主编.-北京:化学工业出版社,2002 |
| 195页;26cm |
| 中等职业教育国家规划教材 环境保护与监测专业系列教材 |
| ISBN 7-5025-3878-X:CNY16.00 |
| 本书主要内容有天然水的基本性质、化学成分和重要的表示方法、水体中的化学平衡、各类水体中主要化学成分的形成与特征等。 |
| ● |
| 相关链接 |
|
|
|
|
正题名:环境水化学
索取号:X131.2/136
 
预约/预借
| 序号 | 登录号 | 条形码 | 馆藏地/架位号 | 状态 | 备注 |
| 1 | 0850171 | 208501717 | 第二样本阅览室/ [索取号:X131.2/136] | 在馆 | |
| 2 | 0850172 | 208501726 | 第三借阅区/ [索取号:X131.2/136] | 在馆 | |
| 3 | 0850173 | 208501735 | 第三借阅区/ [索取号:X131.2/136] | 在馆 | |
| 4 | 0850174 | 208501744 | 第三借阅区/ [索取号:X131.2/136] | 在馆 |